| 000 | 00971pam a2200313 i 4500 | ||
|---|---|---|---|
| 001 | 019113824 | ||
| 003 | EG-ScBUE | ||
| 005 | 20230306041849.0 | ||
| 008 | 180912s2019 enk f 000 f eng d | ||
| 020 | _a9780141375656 (pbk.) | ||
| 040 |
_aStDuBDS _beng _erda _cStDuBDS _dUk _dEG-ScBUE |
||
| 082 | 0 | 4 |
_a813.6 _222 _bMCM |
| 100 | 1 |
_aMcManus, Karen M., _eauthor. |
|
| 245 | 1 | 0 |
_aTwo can keep a secret / _cKaren McManus. |
| 264 | 1 |
_aLondon : _bPenguin Books, _c2019. |
|
| 300 |
_a327 pages ; _c20 cm |
||
| 336 |
_atext _2rdacontent _btxt |
||
| 337 |
_aunmediated _2rdamedia _bn |
||
| 338 |
_avolume _2rdacarrier _bnc |
||
| 650 | 7 |
_aMissing persons _vFiction. _2BUEsh |
|
| 650 | 7 |
_aMurder _vFiction. _2BUEsh |
|
| 650 | 7 |
_aBrothers and sisters _vFiction. _2BUEsh |
|
| 653 |
_bHHUUEENN _cMarch2023 |
||
| 655 | _vReading book | ||
| 776 | 0 | 8 |
_iebook version : _z9780141375663 |
| 942 |
_2ddc _cBB |
||
| 999 |
_c30207 _d30178 |
||